000
00285nam a22001337a 4500
008
170324b xxu||||| |||| 00| 0 eng d
020
_a
9781450402200
041
_a
eng
080
_a
61582
100
_a
8
101
_a
SHM
245
_a
MUSCLE AND STRENGH
_c
CABRAL.S
942
_2
udc
_c
BK
999
_c
8632
_d
8632